zpět

Detail výsledku týmu

Music Bar Forea, Lanškroun

Datum a čas kvízu

28.5 Celkem bodů Celkový počet nahraných bodů na tomto kvízu bez doplňovacích otázek.
6. Pořadí na kvízu Konečné umístění týmu na tomto kvízu.

Zaznamenané odpovědi

# Otázka Odpověď Body Výsledky
1. Čtvrt roku byli na cestě a ura... D) Velorex 1
2. Letadlo na lince z Paříže do k... usnul 0
3. V noci ze středy na čtvrtek by... Jimmy Kimmel 0
4. Finská firma Bluefors uzavřela... na Měsíci 0
5. Švédský atletický fenomén Arma... 630 cm 1
6. Ve spolupráci s Radou Evropy j... 1B 2D 3A 4C 1
7. Pokud vám prozradíme, že červe... július 1
8. Jak se na V jmenuje autonomní... Vojvodina 1
9. Která z těchto knih nebyla nap... A 1
10. Pozoruhodným jazykem je velšti... křeček 1